01888nam a2200325 a 450000100100000000500170001000800410002702000180006804000250008608200240011111100750013524501950021026000380040530000200044349000310046350504530049458600500094765000240099765000410102165000270106265000240108965000280111370000700114170000430121170000700125470000860132470000720141071000490148283000310153100004352320260428073714.0140324d2013 dr d 000 0 spa d a9789945412895 aDO-SdBNPbspacBNPHU a070.44bP925f, 20122 aPremios FUNGLODE de periodismo Rafael Herrerad(2013 :cSanto Domingo)13aLa realidad de los dominicanos en Puerto Rico y otros temas periodísticos /cSenabri Silvestre, Ángel García, Doris Pantaleón , Wanda Méndez, Lery Laura Piña, Kathia Hernández. aSanto Domingo :bFUNGLODE,c2013. a90 p. ;c23 cm.1 aPremios Funglode/GFDD 20120 gPrimer lugartLa realidad de los dominicanos en Puerto Rico ; y otros temas periodísticos /rSenabri SilvestregSegundo lugartMi barrio en letras /rÁngel GarcíagTercer lugar --tEn la mira de la justicia /rDoris Pantaleón y Wanda MéndezgMención especial --tDominicanos viven el drama de la España de los desempleados /rLery Laura PiñagMención especial --t¿De qué vive la gente a orilla del Ozama? /rKathia Hernández aPremios Funglode de periodismo Rafael Herrera 0aEnsayos dominicanos 4aPeriodísmozRepública Dominicana 0aLiteratura dominicana. 0aPremios literarios  4aCertámenes literarios12aSilvestre, SenabritLa realidad de los dominicanos en Puerto Rico12aGarcía, ÁngeltMi barrio en letras12aPantaleón, Doris y Méndez, WandatEn la mira de la justicia /12aPiña, Lery LauratDominicanos viven el drama de la España de los desempleados12aHernández, Kathiat¿De qué vive la gente a orilla del Ozama? /22aFundación Global Democracía y Desarrollo 0aPremios Funglode/GFDD 2012